| 000 | 00740 a2200277 4500 | ||
|---|---|---|---|
| 001 | 200002251 | ||
| 999 |
_c200002251 _d29211 |
||
| 003 | TR-AnTOB | ||
| 005 | 20220819160339.0 | ||
| 008 | 101011s1979 tu 001 0 | ||
| 040 | _aTR-AnTOB | ||
| 041 | 0 | _atur | |
| 050 | 1 | 4 |
_aHM131 _b.E235 1979 |
| 090 | _aHM131.E235 1979 | ||
| 100 | 1 |
_aEdibâli, Aykut _970714 |
|
| 245 | 0 | 0 |
_aSosyal sistemlerin temelleri / _cAykut Edibâli. |
| 250 | _a1.Basım | ||
| 264 | 1 |
_aİstanbul : _bOtağ Yayınları, _c1979. |
|
| 300 |
_a350 s. ; _c22 cm. |
||
| 590 | _aSayın Celil Güngör tarafından bağışlanmıştır. | ||
| 650 | 0 | 0 |
_aSosyal yapı _914226 |
| 650 | 0 | 0 |
_aSosyal sistemler _930632 |
| 902 | _a0030070 | ||
| 903 | _aMerkez Kütüphane | ||
| 945 | _ago, BS | ||
| 942 | _cBK | ||